书目信息 |
| 题名: |
研究《反杜林论》参考史料
|
|
| 作者: | ;中共中央马克思恩格斯列宁斯大林著作编译局国际共运史研究室 编 | |
| 分册: | ||
| 出版信息: | 北京 三联书店 1980 |
|
| 页数: | 392页 | |
| 开本: | 19cm | |
| 丛书名: | ||
| 单 册: | ||
| 中图分类: | A811.24 , A81 | |
| 科图分类: | ||
| 主题词: | 恩格斯著作研究-反杜林论--史料 , 马克思主义哲学--史料 | |
| 电子资源: | ||
| ISBN: | ||
| 000 | 00922nam0 2200265 45 | |
| 001 | 1257796187 | |
| 005 | 20090929162514.79 | |
| 010 | @dCNY1.25 | |
| 091 | @aCN@b17002.34 | |
| 100 | @a19950317d1980 em y0chiy0121 ea | |
| 101 | 0 | @achi |
| 102 | @aCN@b110000 | |
| 105 | @ay z 000yy | |
| 200 | 10 | @a研究《反杜林论》参考史料@Ayan jiu《 fan du lin lun》 can kao shi liao@f中共中央马克思恩格斯列宁斯大林著作编译局国际共运史研究室编 |
| 210 | @a北京@c三联书店@d1980 | |
| 215 | @a392页@d19cm | |
| 605 | @a反杜林论-恩格斯著作研究@x史料 | |
| 606 | 0 | @a恩格斯著作研究-反杜林论@x史料 |
| 606 | 0 | @a马克思主义哲学@x史料 |
| 690 | @aA811.24@v3 | |
| 690 | @aA81@v4 | |
| 711 | 02 | @a中共中央马克思恩格斯列宁斯大林著作编译局国际共运史研究室@Azhong gong zhong yang ma ke si en ge si lie ning si da lin zhu zuo bian yi ju guo ji gong yun shi yan jiu shi@4编 |
| 801 | 0 | @aCN@bTSSF |
| 801 | 2 | @aCN@bNLC |
| 905 | @a10447@dA81@eJY11 | |
| 研究《反杜林论》参考史料/中共中央马克思恩格斯列宁斯大林著作编译局国际共运史研究室编.-北京:三联书店,1980 |
| 392页;19cm |
| ISBN :CNY1.25 |
| ● |
| 相关链接 |
|
|
|
|
正题名:研究《反杜林论》参考史料
索取号:A81/JY11
 
预约/预借
| 序号 | 登录号 | 条形码 | 馆藏地/架位号 | 状态 | 备注 |
| 1 | 7809453 | 278094535 | 学院路分馆/ [索取号:A81/JY11] | 在馆 |